000 00320nam a22001217a 4500
008 160506b xxu||||| |||| 00| 0 eng d
020 _a9780763715113
020 _a0763715115
041 _aeng
080 _a61
245 _aGenetics analysis of genes and genomes:
_cDaniel L. Hartl; Elizabeth W. Jones;
942 _2udc
_cBK
999 _c1865
_d1865